Vista normal Vista MARC

Entrada Personal Name

Número de registros utilizados en: 1

001 - CONTROL NUMBER

  • control field: 40132

003 - CONTROL NUMBER IDENTIFIER

  • control field: OSt

005 - DATE AND TIME OF LATEST TRANSACTION

  • control field: 20210907165653.0

008 - FIXED-LENGTH DATA ELEMENTS

  • fixed length control field: 210907|| aca||aabn | a|a d

040 ## - CATALOGING SOURCE

  • Original cataloging agency: OSt
  • Transcribing agency: OSt

100 ## - HEADING--PERSONAL NAME

  • Personal name: León Jurado, Viviana

670 ## - SOURCE DATA FOUND

  • Source citation: Work cat.: (OSt)12390: Higinio Maldonado, Jorge, autor 15962, Protección, producción, promoción : , 2015.